|
|
|
|
| LEADER |
00000cam a2200000 7i4500 |
| 001 |
0000001990 |
| 002 |
000002170 |
| 005 |
20021003.0 |
| 020 |
|
|
|a 000002170
|
| 090 |
0 |
0 |
|a 297.55
|b TEM
|
| 245 |
0 |
0 |
|a Tetamu Allah [
|h video recording] :
|b Guests of God
|
| 260 |
|
|
|a Kuala Lumpur :
|b Fifty-nine Corporation Sdn Bhd. ,
|c 1993
|
| 300 |
|
|
|a 1 Video recording VHS (90 minutes) :
|b col.(PAL)
|
| 500 |
|
|
|a Library has 1 copy
|
| 650 |
0 |
0 |
|a Pilgrims and pilgrimage
|
| 999 |
|
|
|a 00074
|b VIDEO
|c KOLEKSI AUDIO VIDEO
|e PERPUSTAKAAN KOMUNITI PETALING JAYA
|
| 999 |
|
|
|a PV0279/93
|b VIDEO
|c KOLEKSI AUDIO VIDEO
|e PERPUSTAKAAN KOMUNITI PETALING JAYA
|